| 000 | 01011nam a22002537a 4500 | ||
|---|---|---|---|
| 005 | 20130509103238.0 | ||
| 010 | _aENG-107077 | ||
| 020 |
_a9789350182550 _c1195.00 |
||
| 020 |
_a9350182556 _c1195.00 |
||
| 035 | _aEN-90610 | ||
| 037 | _bDBAD/PUB | ||
| 082 | 0 | 4 |
_a373.120954166 _223 |
| 100 | 0 | _aLalnuntluangi. | |
| 245 | 1 | 0 |
_aGovernment and private education in the North-East India : _bwith special reference to Mizoram / _cby Lalnuntluangi |
| 260 |
_aNew Delhi _bReadworthy Publications _c2012 |
||
| 270 |
_aB-65 Mansa Ram Park Near Master Palace _bNew Delhi _e110059 |
||
| 300 |
_axviii, 282p. : _bill. _c23cm(Hb) |
||
| 490 | 0 | _aReadworthy series of North-East India studies -3 | |
| 500 | _aIncludes bibliographical references (p. [263]-276) and index. | ||
| 650 | 0 |
_aHigh schools _zIndia _zMizoram _xAdministration. |
|
| 650 | 0 |
_aPublic schools _zIndia _zMizoram _xAdministration. |
|
| 650 | 0 |
_aPrivate schools _zIndia _zMizoram _xAdministration. |
|
| 942 |
_2ddc _cEN _h373.120954166 _mLAL |
||
| 999 |
_c75287 _d75287 |
||